| 000 | 01403cac a2200337 a 4500 | ||
|---|---|---|---|
| 003 | Co-PeBPM | ||
| 005 | 20240522163008.0 | ||
| 007 | ta | ||
| 008 | 231129s1987||||ck a||||||||||||| ||spa|| | ||
| 020 | _a8420623369 | ||
| 040 |
_aCo-PeBPM _bspa _cCo-PeBPM _erda |
||
| 082 | 0 | 4 |
_a002 D131h _222 |
| 100 |
_aDahl, Svend _eautor |
||
| 245 | 0 |
_aHistoria del libro _c/ Svend Dahl; traducción del danés por Alberto Adell; Adiciones españolas de Fernando Huarte Morton |
|
| 250 | _aTercera reimpresión | ||
| 260 |
_aMadrid, España _b: Alianza Editorial, _c1987 |
||
| 300 |
_a316 páginas _bilustraciones en blanco y negro _c20 centímetros |
||
| 490 |
_aAlianza Universidad _v336 |
||
| 501 | _aIncluye índice | ||
| 504 | _aIncluye bibliografía | ||
| 505 | _aLa Antigüedad. -- La Edad Media. -- Fin de la Edad Media. El siglo XVI. -- El siglo XVII. -- El siglo XVIII. -- El siglo XIX y comienzos del XX. -- La época posterior a 1914. | ||
| 650 | 1 | 0 |
_aLibros y lectura - Historia _2Lemb |
| 650 | 1 | 0 |
_aLibros impresos en pergamino - Historia _2Lemb |
| 650 | 1 | 0 |
_aImprenta - Historia _2Lemb |
| 650 | 1 | 0 |
_aLibros xilográficos _2Lemb |
| 650 | 1 | 0 |
_aLibros - Historia _2Lemb |
| 700 |
_aAdell, Alberto _etraducción |
||
| 700 |
_aHuarte Morton, Fernando _eAdiciones españolas |
||
| 942 |
_2ddc _cBK |
||
| 999 |
_c15266 _d15266 |
||